[Event "Irkutsk Ermolaev Memorial 3rd"]
[Site "Irkutsk"]
[Date "2009.07.08"]
[Round "5"]
[White "Shelk, Alexander"]
[Black "Dyma, Vladimir"]
[Result "1-0"]
[WhiteElo "2378"]
[BlackElo "2215"]
[PlyCount "117"]
[EventDate "2009.07.04"]
[EventType "swiss"]
[EventRounds "9"]
[EventCountry "RUS"]
[SourceTitle "EXT 2012"]
[Source "ChessBase"]
[SourceDate "2011.11.24"]
[SourceVersion "1"]
[SourceVersionDate "2011.11.24"]
[SourceQuality "1"]

1. d4 Nf6 2. Nf3 d6 3. c4 Nbd7 4. Nc3 e5 5. g3 Be7 6. Bg2 c6 7. Qc2 0-0 8. 0-0 Re8 9. Rd1 Qc7 10. h3 Nf8 11. e4 a6 12. a4 a5 13. Be3 N6d7 14. Qb3 Ne6 15. Rac1 Bf8 16. Ne2 exd4 17. Nfxd4 Nec5 18. Qc2 Na6 19. Nf5 Ndc5 20. b3 Nb4 21. Qb1 Bxf5 22. exf5 g6 23. fxg6 hxg6 24. Nc3 Rad8 25. Ne4 Nxe4 26. Bxe4 Re6 27. Bf3 Rde8 28. Kg2 Na6 29. h4 Nc5 30. h5 Rxe3 31. fxe3 Rxe3 32. hxg6 Rxb3 33. Qf5 fxg6 34. Qxg6+ Qg7 35. Qxg7+ Kxg7 36. Rb1 Ra3 37. Ra1 Rb3 38. Rd4 Be7 39. Rf1 Bf6 40. Rg4+ Kf7 41. Rf4 Ke7 42. Bd1 Rb2+ 43. Kh3 Nd7 44. Bg4 Ne5 45. Rxf6 Rh2+ 46. Kxh2 Nxg4+ 47. Kh3 Nxf6 48. Rb1 Ke6 49. Rxb7 Ne4 50. Ra7 Nd2 51. Rxa5 Nxc4 52. Ra8 d5 53. a5 Kd6 54. a6 Kc7 55. g4 c5 56. g5 Nb6 57. Rf8 c4 58. g6 c3 59. g7 1-0

[Event "Irkutsk City-ch"]
[Site "Irkutsk"]
[Date "2008.01.??"]
[Round "1"]
[White "Dyma, Vladimir"]
[Black "Kiselev, Sergey"]
[Result "1-0"]
[WhiteElo "2199"]
[BlackElo "2434"]
[PlyCount "89"]
[EventDate "2008.01.??"]
[EventType "tourn"]
[EventRounds "9"]
[EventCountry "RUS"]
[SourceTitle "EXT 2010"]
[Source "ChessBase"]
[SourceDate "2010.11.25"]
[SourceVersion "1"]
[SourceVersionDate "2010.11.25"]
[SourceQuality "1"]

1. e4 c5 2. Nc3 Nc6 3. g3 g6 4. Bg2 Bg7 5. d3 Nf6 6. Be3 d6 7. h3 0-0 8. Nge2 Qb6 9. Rb1 Qa5 10. 0-0 e6 11. Qc1 d5 12. Bh6 d4 13. Bxg7 Kxg7 14. Nd1 Ng8 15. Ra1 Bd7 16. a4 Qc7 17. f4 f5 18. b3 Rac8 19. Nf2 Nge7 20. Kh2 e5 21. Qd2 Rce8 22. Rae1 b6 23. Kh1 a6 24. c3 Be6 25. c4 fxe4 26. dxe4 Na5 27. Rb1 b5 28. axb5 axb5 29. cxb5 Nxb3 30. Qc2 Na5 31. b6 Qd6 32. fxe5 Qc6 33. Nf4 Bc4 34. Rfc1 g5 35. Nh5+ Kh6 36. Nf6 Rxf6 37. Ng4+ Kg6 38. Nxf6 Rb8 39. Qd1 h6 40. Ra1 Qb5 41. Rxa5 Qxa5 42. Rxc4 Rxb6 43. Nd5 Nxd5 44. exd5 Rb2 45. Rc2 1-0

[Event "Irkutsk City-ch"]
[Site "Irkutsk"]
[Date "2008.01.??"]
[Round "5"]
[White "Dyma, Vladimir"]
[Black "Petrov, Petr"]
[Result "1-0"]
[WhiteElo "2199"]
[BlackElo "2325"]
[PlyCount "125"]
[EventDate "2008.01.??"]
[EventType "tourn"]
[EventRounds "9"]
[EventCountry "RUS"]
[SourceTitle "EXT 2010"]
[Source "ChessBase"]
[SourceDate "2010.11.25"]
[SourceVersion "1"]
[SourceVersionDate "2010.11.25"]
[SourceQuality "1"]

1. d4 d5 2. Nf3 Nf6 3. Bg5 Bf5 4. c4 c6 5. Bxf6 exf6 6. Nc3 Bb4 7. cxd5 cxd5 8. e3 0-0 9. Bd3 Bxd3 10. Qxd3 Nc6 11. 0-0 Rc8 12. Rfc1 a6 13. a3 Bxc3 14. Rxc3 Na5 15. Rac1 Rxc3 16. Qxc3 Nc4 17. Nd2 b5 18. b3 Nxd2 19. Qxd2 g5 20. Qc2 Qa5 21. Ra1 Qb6 22. h3 Qe6 23. Rc1 f5 24. Qc6 Re8 25. Qxe6 Rxe6 26. Kf1 Kg7 27. Rc5 Rd6 28. Ke2 Kg6 29. Kd3 Kh5 30. Rc7 Kg6 31. Kc3 h5 32. Kb4 f4 33. Kc5 Rd8 34. exf4 gxf4 35. Kb4 Kf5 36. f3 Rd6 37. Kc5 Rg6 38. Rxf7+ Ke6 39. Rxf4 Rxg2 40. Rh4 Rc2+ 41. Kb4 Rd2 42. a4 bxa4 43. bxa4 Rd3 44. Rf4 Rd1 45. Ka5 Ra1 46. Rh4 Ra3 47. Rf4 Ra1 48. Rh4 Ra3 49. Rxh5 Rxf3 50. Kb4 Rd3 51. Rh6+ Kd7 52. Kc5 Ra3 53. Kxd5 Rxa4 54. Rh7+ Kc8 55. h4 Ra1 56. h5 a5 57. h6 Rh1 58. Kc6 Kb8 59. Kb6 Kc8 60. Kxa5 Rh4 61. Kb5 Rxd4 62. Rg7 Rh4 63. h7 1-0

[Event "Irkutsk City-ch"]
[Site "Irkutsk"]
[Date "2008.01.??"]
[Round "4"]
[White "Rozhkov, Dmitry"]
[Black "Dyma, Vladimir"]
[Result "0-1"]
[WhiteElo "2041"]
[BlackElo "2199"]
[PlyCount "82"]
[EventDate "2008.01.??"]
[EventType "tourn"]
[EventRounds "9"]
[EventCountry "RUS"]
[SourceTitle "EXT 2010"]
[Source "ChessBase"]
[SourceDate "2010.11.25"]
[SourceVersion "1"]
[SourceVersionDate "2010.11.25"]
[SourceQuality "1"]

1. Nf3 Nf6 2. d4 c5 3. d5 d6 4. c4 g6 5. Nc3 Bg7 6. e4 0-0 7. Be2 Bg4 8. h3 Bxf3 9. Bxf3 Nbd7 10. Bf4 a6 11. a4 Ne8 12. 0-0 Nc7 13. Be2 Qb8 14. Qd2 Re8 15. Kh1 b6 16. Bh2 Qb7 17. f4 Rf8 18. Bg4 Rad8 19. Rae1 b5 20. axb5 axb5 21. cxb5 Nxb5 22. e5 Nd4 23. e6 f5 24. Bf3 Nf6 25. Bg1 Nxf3 26. Rxf3 Rb8 27. Re2 Qb4 28. Bf2 Rb7 29. Bh4 Rfb8 30. Qe1 Qc4 31. Qd2 Kf8 32. Kh2 Rb4 33. Qd1 Ne8 34. Qa1 R4b7 35. Rd2 Kg8 36. g4 fxg4 37. hxg4 Nf6 38. Kg3 Ne4+ 39. Nxe4 Qxe4 40. Rff2 Bd4 41. Rfe2 Rb3+ 0-1

[Event "Irkutsk City-ch"]
[Site "Irkutsk"]
[Date "2007.09.26"]
[Round "4"]
[White "Dyma, Vladimir"]
[Black "Stavskij, Danil"]
[Result "0-1"]
[WhiteElo "2184"]
[BlackElo "2177"]
[PlyCount "133"]
[EventDate "2007.09.16"]
[EventType "swiss"]
[EventRounds "9"]
[EventCountry "RUS"]
[SourceTitle "EXT 2009"]
[Source "ChessBase"]
[SourceDate "2008.11.26"]
[SourceVersion "1"]
[SourceVersionDate "2008.11.26"]
[SourceQuality "1"]

1. e4 c6 2. Nc3 d5 3. Nf3 Bg4 4. h3 Bxf3 5. Qxf3 e6 6. g3 Nd7 7. Bg2 dxe4 8. Nxe4 Ngf6 9. 0-0 Nxe4 10. Qxe4 Nf6 11. Qe3 Be7 12. d4 0-0 13. c4 Qb6 14. b3 Rfd8 15. Bb2 Ne8 16. c5 Qc7 17. b4 Nf6 18. Qb3 Nd5 19. Rfe1 Bf6 20. Rad1 Rd7 21. Rd3 Rad8 22. Red1 g6 23. h4 h5 24. Be4 Bg7 25. a4 b6 26. Bc1 a6 27. Bg5 Rc8 28. Kg2 Qb7 29. Rb1 b5 30. a5 Qc7 31. Rbd1 Kh7 32. Qb1 Bh6 33. Bxd5 Rxd5 34. Bf6 Bg7 35. Bg5 Qd7 36. Bf4 Bxd4 37. Bd6 Bg7 38. Re3 Bf8 39. Rxd5 exd5 40. Bxf8 Rxf8 41. Qe1 Rd8 42. Re7 Qf5 43. Re5 Qf6 44. f4 d4 45. Qd2 d3 46. Kh2 Rd4 47. Qe3 Qd8 48. f5 Rd7 49. fxg6+ fxg6 50. Qd2 Qf6 51. Re3 Qd4 52. Re8 Qc4 53. Kh3 Qg4+ 54. Kh2 Qd4 55. Re6 Qd5 56. Re8 Qd4 57. Re3 Qc4 58. Qe1 d2 59. Re7+ Kg8 60. Qe5 Rxe7 61. Qxe7 d1Q 62. Qe8+ Kg7 63. Qe5+ Kf7 64. Qc7+ Kf6 65. Qxc6+ Qe6 66. Qb6 Qxb6 67. axb6 0-1

[Event "Irkutsk City-ch"]
[Site "Irkutsk"]
[Date "2007.09.16"]
[Round "1"]
[White "Burdyko, Alexander"]
[Black "Dyma, Vladimir"]
[Result "1-0"]
[WhiteElo "2043"]
[BlackElo "2184"]
[PlyCount "127"]
[EventDate "2007.09.16"]
[EventType "swiss"]
[EventRounds "9"]
[EventCountry "RUS"]
[SourceTitle "EXT 2009"]
[Source "ChessBase"]
[SourceDate "2008.11.26"]
[SourceVersion "1"]
[SourceVersionDate "2008.11.26"]
[SourceQuality "1"]

1. d4 d5 2. c4 e6 3. Nc3 Nf6 4. cxd5 Nxd5 5. e4 Nxc3 6. bxc3 c5 7. Nf3 Nc6 8. Bb5 cxd4 9. Bxc6+ bxc6 10. cxd4 Bb4+ 11. Bd2 Bxd2+ 12. Qxd2 Ba6 13. Rc1 Rc8 14. Ne5 Qd6 15. Nc4 Bxc4 16. Rxc4 0-0 17. 0-0 Rfd8 18. Qa5 h6 19. Rfc1 Qf4 20. Qe1 Rb8 21. g3 Qf3 22. Qe3 Qxe3 23. fxe3 Rb2 24. R1c2 Rdb8 25. Rxc6 a5 26. d5 exd5 27. exd5 Rb1+ 28. Kf2 f5 29. Rc7 Rd1 30. R7c5 a4 31. Ra5 Rb4 32. d6 Rxd6 33. Rxf5 a3 34. Ke2 Ra4 35. Rf4 Ra7 36. Rb4 Rf6 37. Rb3 Raf7 38. Rxa3 Rf2+ 39. Kd1 Rxc2 40. Kxc2 Rf2+ 41. Kd3 Rxh2 42. Ke4 Rf2 43. Ra7 Kh7 44. Ra6 h5 45. a4 g6 46. a5 Kh6 47. Rd6 Kg5 48. a6 Ra2 49. Kd5 Ra5+ 50. Kc4 Ra3 51. e4 Ra4+ 52. Kb5 Rxe4 53. a7 Re8 54. Rd4 Kf5 55. Ra4 g5 56. a8Q Rxa8 57. Rxa8 h4 58. gxh4 gxh4 59. Kc4 h3 60. Kd3 Kf4 61. Ke2 Kg3 62. Rg8+ Kh2 63. Kf2 Kh1 64. Kg3 1-0